|
|
|
|
| LEADER |
00000nam a2200000 a 4500 |
| 001 |
vtls011831938 |
| 003 |
SK-MaSNL |
| 005 |
20260301223802.0 |
| 008 |
190103s1947 xo 000 0 slo |
| 015 |
|
|
|a SNBA19421945-051/1042
|
| 040 |
|
|
|a SNK
|b slo
|c SNK
|e AACR2
|
| 041 |
0 |
|
|a slo
|
| 044 |
|
|
|a xo
|c SK
|
| 080 |
|
|
|a 242
|2 1981
|
| 100 |
1 |
|
|a Jakšič, Akurz Karol,
|d 1902-1962
|4 aut
|9 80995
|
| 245 |
1 |
0 |
|a Boj za lepšiu budúcnosť
|c Accursius Jakšič
|
| 260 |
|
|
|a Bratislava
|b Ústredie Spolku sv. Rodiny
|c 1947
|
| 300 |
|
|
|a 73, [i] s.
|c 8°
|
| 958 |
|
|
|a RK
|
| 958 |
|
|
|a TL
|
| 999 |
|
|
|c 944913
|d 946843
|
| 952 |
|
|
|t P60, <04>, [BOOK], {604}
|a SNK
|b SNK
|y VYP
|7 0
|p 17A0341143
|o snkSD 20840 D1
|3 rekatalogizácia
|0 0
|1 0
|4 0
|d 2002-04-29
|l 0
|r 2005-01-02 00:00:00
|w 2026-02-24
|
| 952 |
|
|
|a SNK
|b SNK
|y PREZ
|7 0
|p 17A0709614
|o snkSD 20840
|i snkK 2747/61
|8 3
|0 0
|1 0
|4 0
|d 2011-09-22
|l 0
|r 2025-12-04 00:00:00
|w 2026-02-24
|